Bookworm short stories 24
| Format: | Book |
|---|---|
| Published: |
Singapore :
Bookworm Publishing ,
1991
|
| Series: | Bookworm club
|
| Subjects: |
MARC
| LEADER | 00000cam a2200000 7i4500 | ||
|---|---|---|---|
| 001 | 0000008646 | ||
| 002 | 000009422 | ||
| 005 | 20040106.0 | ||
| 020 | |a 9813014113 | ||
| 090 | 0 | 0 | |a JF |b BOO |
| 245 | 1 | 0 | |a Bookworm short stories 24 |
| 260 | |a Singapore : |b Bookworm Publishing , |c 1991 | ||
| 300 | |a 76p. : |b ill ; |c 17cm. | ||
| 490 | 0 | |a Bookworm club | |
| 650 | 0 | 0 | |a Children's stories |
| 999 | |a 050725 |b BUKU |c PINJAMAN |e PERPUSTAKAAN KOMUNITI PETALING JAYA | ||
| 999 | |a 050726 |b BUKU |c PINJAMAN |e PERPUSTAKAAN KOMUNITI PETALING JAYA | ||